[Event "HUN-chT 2324"]
[Site "Hungary"]
[Date "2024.03.10"]
[Round "6.2"]
[White "Bagi, Mate"]
[Black "Berkes, Ferenc"]
[Result "0-1"]
[WhiteElo "2446"]
[BlackElo "2617"]
[PlyCount "158"]
[EventDate "2023.10.28"]
[EventType "team-tourn"]
[EventRounds "9"]
[EventCountry "HUN"]
[SourceTitle "CB16_2024"]
[SourceDate "2024.04.17"]
[SourceVersion "1"]
[SourceVersionDate "2024.04.17"]
[SourceQuality "1"]
[WhiteTeam "Biatorbagy"]
[BlackTeam "Paks"]
[WhiteTeamCountry "HUN"]
[BlackTeamCountry "HUN"]

1. e4 c6 2. Nf3 d5 3. Nc3 Bg4 4. h3 Bxf3 5. Qxf3 e6 6. Be2 Nd7 7. d4 dxe4 8. Nxe4 Ngf6 9. 0-0 Nxe4 10. Qxe4 Nf6 11. Qd3 Bd6 12. Rd1 h6 13. a4 0-0 14. c3 a5 15. Qf3 Re8 16. Bd3 Bc7 17. g3 Qd5 18. Kg2 Rad8 19. Bc2 Rd7 20. Re1 h5 21. Re2 g6 22. Bd2 Kg7 23. Rae1 Qxf3+ 24. Kxf3 Nd5 25. Bg5 Rb8 26. Ra1 Bd8 27. Bd2 Bc7 28. Bg5 Bd6 29. Be4 Ra8 30. Bd3 Be7 31. Bd2 Rdd8 32. Kg2 Bd6 33. Kf3 Kf6 34. Be4 Kg7 35. Bd3 Rd7 36. Be4 Nf6 37. Bd3 Rc7 38. Bg5 Rac8 39. Rd1 Rd7 40. Rde1 Bb8 41. Bc2 Bc7 42. Ra1 Nd5 43. Bd3 Re8 44. Rae1 Rb8 45. Ra1 Bd8 46. Bd2 b5 47. Be4 Rc8 48. b3 Rb7 49. c4 bxc4 50. bxc4 Rb3+ 51. Kg2 Nb4 52. Re3 Rxe3 53. Bxe3 f5 54. Bf3 Nc2 55. Rc1 Nxe3+ 56. fxe3 c5 57. dxc5 Rxc5 58. e4 Bg5 59. Rc2 f4 60. h4 Bh6 61. g4 hxg4 62. Bxg4 Kf6 63. Be2 Bf8 64. Kf3 Rh5 65. Kxf4 Rxh4+ 66. Kf3 Bc5 67. Bf1 Ke5 68. Bg2 g5 69. Kg3 Kd4 70. Rb2 Bb4 71. Rb1 Kxc4 72. Bf3 Bd6+ 73. Kf2 g4 74. Bg2 g3+ 75. Ke3 Rh8 76. Rb5 Rf8 77. Bf3 g2 78. Bxg2 Bc5+ 79. Ke2 Rf2+ 0-1

[Event "HUN-chT 2324"]
[Site "Hungary"]
[Date "2024.02.18"]
[Round "4.3"]
[White "Berkes, Ferenc"]
[Black "Ruck, Robert"]
[Result "1/2-1/2"]
[WhiteElo "2617"]
[BlackElo "2533"]
[PlyCount "29"]
[EventDate "2023.10.28"]
[EventType "team-tourn"]
[EventRounds "9"]
[EventCountry "HUN"]
[SourceTitle "CB16_2024"]
[SourceDate "2024.04.17"]
[SourceVersion "1"]
[SourceVersionDate "2024.04.17"]
[SourceQuality "1"]
[WhiteTeam "Paks"]
[BlackTeam "Haladas"]
[WhiteTeamCountry "HUN"]
[BlackTeamCountry "HUN"]

1. d4 Nf6 2. Nf3 g6 3. g3 Bg7 4. Bg2 d5 5. 0-0 0-0 6. c3 c6 7. a4 Bf5 8. Nbd2 Qc8 9. Re1 Re8 10. a5 Nbd7 11. Nh4 Be6 12. Nhf3 Bf5 13. Nh4 Be6 14. Nhf3 Bf5 15. Nh4 1/2-1/2

[Event "Nova Gorica op 28th"]
[Site "Nova Gorica"]
[Date "2024.01.27"]
[Round "3"]
[White "Berkes, Ferenc"]
[Black "Csonka, Balazs"]
[Result "1/2-1/2"]
[WhiteElo "2613"]
[BlackElo "2479"]
[PlyCount "50"]
[EventDate "2024.01.26"]
[EventType "swiss"]
[EventRounds "9"]
[EventCountry "SLO"]
[SourceTitle "CB06_2024"]
[SourceDate "2024.02.07"]
[SourceVersion "1"]
[SourceVersionDate "2024.02.07"]
[SourceQuality "1"]

1. d4 Nf6 2. c4 e6 3. Nf3 d5 4. Nc3 c5 5. cxd5 cxd4 6. Qxd4 exd5 7. Bg5 Be7 8. e3 0-0 9. Be2 h6 10. Bh4 Be6 11. 0-0 Nc6 12. Qd3 Qb6 13. Bxf6 Bxf6 14. Nxd5 Bxd5 15. Qxd5 Qxb2 16. Bc4 Qa3 17. Rad1 Na5 18. Bd3 g6 19. Bxg6 Rad8 20. Qh5 fxg6 21. Qxg6+ Bg7 22. Qe6+ Kh7 23. Qe4+ Kg8 24. Qe6+ Kh7 25. Qe4+ Kg8 1/2-1/2

[Event "POL-chT Ekstraliga"]
[Site "Lublin"]
[Date "2023.09.22"]
[Round "5.2"]
[White "Berkes, Ferenc"]
[Black "Nasuta, Grzegorz"]
[Result "1/2-1/2"]
[WhiteElo "2622"]
[BlackElo "2579"]
[PlyCount "85"]
[EventDate "2023.09.18"]
[EventType "team-tourn"]
[EventRounds "9"]
[EventCountry "POL"]
[SourceTitle "EXT 2024"]
[Source "ChessBase"]
[SourceDate "2023.10.10"]
[SourceVersion "1"]
[SourceVersionDate "2023.10.10"]
[SourceQuality "1"]
[WhiteTeam "Plock Hetman"]
[BlackTeam "Legnica Miedz"]
[WhiteTeamCountry "POL"]
[BlackTeamCountry "POL"]

1. d4 d5 2. c4 c6 3. Nf3 Nf6 4. Qc2 dxc4 5. Qxc4 Bg4 6. Nbd2 Nbd7 7. g3 e6 8. Bg2 Be7 9. 0-0 a5 10. b3 0-0 11. a3 Bf5 12. Bb2 Ne4 13. Rfd1 h6 14. e3 Qb6 15. Rac1 Rfd8 16. h3 Bh7 17. Bf1 Ndf6 18. Bd3 Nxd2 19. Bxh7+ Kxh7 20. Rxd2 Kg8 21. Kg2 Rac8 22. Rdc2 Ne4 23. Qd3 Nd6 24. a4 Ne8 25. Ne5 Nf6 26. e4 Nd7 27. Nc4 Qa6 28. Qc3 Bb4 29. Qf3 Bf8 30. h4 Rb8 31. Ne3 Qb6 32. g4 Qxb3 33. g5 h5 34. Qxh5 Ba3 35. Bxa3 Qxa3 36. Nc4 Qd3 37. Qf3 Qxd4 38. Rd2 Qc5 39. Nd6 Qxc1 40. Qxf7+ Kh8 41. Qh5+ Kg8 42. Qf7+ Kh8 43. Qh5+ 1/2-1/2

[Event "Balatonlelle Rigo Memorial op"]
[Site "Balatonlelle"]
[Date "2023.06.15"]
[Round "2"]
[White "Berkes, Ferenc"]
[Black "Jansen, Bob"]
[Result "1-0"]
[WhiteElo "2618"]
[BlackElo "2229"]
[PlyCount "57"]
[EventDate "2023.06.14"]
[EventType "swiss"]
[EventRounds "9"]
[EventCountry "HUN"]
[SourceTitle "CBM 214 Extra"]
[Source "ChessBase"]
[SourceDate "2023.07.31"]
[SourceVersion "1"]
[SourceVersionDate "2023.07.31"]
[SourceQuality "1"]

1. d4 e6 2. c4 f5 3. Nf3 Nf6 4. g3 d5 5. Nc3 c6 6. Bf4 Be7 7. e3 0-0 8. Bd3 Ne4 9. h4 Bd7 10. Qb3 Qb6 11. c5 Qxb3 12. axb3 Be8 13. b4 Nd7 14. Ng5 Bxg5 15. hxg5 Nxc3 16. bxc3 a6 17. Bd6 Rf7 18. c4 Nf8 19. Kd2 Rd8 20. Kc3 h6 21. gxh6 g5 22. f3 Rh7 23. cxd5 cxd5 24. g4 Bg6 25. gxf5 exf5 26. Rag1 Ne6 27. e4 fxe4 28. fxe4 dxe4 29. Bc4 1-0

[Event "AUT-chT 2223"]
[Site "Austria"]
[Date "2023.04.13"]
[Round "9.1"]
[White "Berkes, Ferenc"]
[Black "Baumegger, Siegfried"]
[Result "1-0"]
[WhiteElo "2643"]
[BlackElo "2440"]
[PlyCount "81"]
[EventDate "2022.11.03"]
[EventType "team-tourn"]
[EventRounds "11"]
[EventCountry "AUT"]
[SourceTitle "EXT 2024"]
[Source "ChessBase"]
[SourceDate "2023.10.10"]
[SourceVersion "1"]
[SourceVersionDate "2023.10.10"]
[SourceQuality "1"]
[WhiteTeam "Fuerstenfeld/Hartberg"]
[BlackTeam "Tschaturanga"]
[WhiteTeamCountry "AUT"]
[BlackTeamCountry "AUT"]

1. d4 d5 2. c4 e6 3. cxd5 exd5 4. Nc3 c5 5. Nf3 Nc6 6. g3 Nf6 7. a3 c4 8. Bg5 Be7 9. Bg2 0-0 10. e3 Bf5 11. 0-0 Ne4 12. Bxe7 Nxe7 13. Nd2 Nxc3 14. bxc3 Bd3 15. Re1 f5 16. a4 b6 17. a5 Rf6 18. Qa4 a6 19. axb6 Rxb6 20. Nf3 Be4 21. Ne5 Bxg2 22. Kxg2 Ng6 23. Reb1 Rxb1 24. Rxb1 Nxe5 25. dxe5 Qe8 26. Qxe8+ Rxe8 27. f4 a5 28. Rb5 Ra8 29. Rxd5 a4 30. Rd2 a3 31. Ra2 Kf7 32. Kf3 Ke6 33. e4 g6 34. Ke3 g5 35. fxg5 Kxe5 36. exf5 Rd8 37. f6 Kf5 38. h4 Rd3+ 39. Ke2 Kg4 40. Rxa3 Rxg3 41. f7 1-0

[Event "AUT-chT 2223"]
[Site "Austria"]
[Date "2023.03.25"]
[Round "7.5"]
[White "Berkes, Ferenc"]
[Black "Dragnev, Valentin"]
[Result "1/2-1/2"]
[WhiteElo "2643"]
[BlackElo "2551"]
[PlyCount "66"]
[EventDate "2022.11.03"]
[EventType "team-tourn"]
[EventRounds "11"]
[EventCountry "AUT"]
[SourceTitle "CBM 213 Extra"]
[Source "ChessBase"]
[SourceDate "2023.05.31"]
[SourceVersion "1"]
[SourceVersionDate "2023.05.31"]
[SourceQuality "1"]
[WhiteTeam "Fuerstenfeld/Hartberg"]
[BlackTeam "Ottakring"]
[WhiteTeamCountry "AUT"]
[BlackTeamCountry "AUT"]

1. Nf3 Nf6 2. g3 c5 3. Bg2 Nc6 4. c4 d5 5. cxd5 Nxd5 6. d4 cxd4 7. Nxd4 Ndb4 8. Nxc6 Qxd1+ 9. Kxd1 Nxc6 10. Nc3 Bd7 11. Be3 0-0-0 12. Ke1 e6 13. Rc1 Kb8 14. f4 Ne7 15. Rf1 Bc6 16. Bxc6 Nxc6 17. f5 exf5 18. Rxf5 f6 19. Bf4+ Bd6 20. Rd5 Be5 21. Kf2 Rxd5 22. Nxd5 Rd8 23. e4 f5 24. Ke3 fxe4 25. Kxe4 Re8 26. Kd3 Rd8 27. Ke4 Bxf4 28. gxf4 Re8+ 29. Kd3 Rd8 30. Ke4 g6 31. h4 Re8+ 32. Kd3 Rd8 33. Ke4 Re8+ 1/2-1/2

[Event "HUN-chT 2223"]
[Site "Hungary"]
[Date "2023.02.19"]
[Round "6.3"]
[White "Bokros, Albert"]
[Black "Berkes, Ferenc"]
[Result "0-1"]
[WhiteElo "2456"]
[BlackElo "2643"]
[PlyCount "100"]
[EventDate "2022.11.20"]
[EventType "team-tourn"]
[EventRounds "9"]
[EventCountry "HUN"]
[SourceTitle "CBM 213 Extra"]
[Source "ChessBase"]
[SourceDate "2023.05.31"]
[SourceVersion "1"]
[SourceVersionDate "2023.05.31"]
[SourceQuality "1"]
[WhiteTeam "Biatorbagy"]
[BlackTeam "Paks"]
[WhiteTeamCountry "HUN"]
[BlackTeamCountry "HUN"]

1. e4 c6 2. Nc3 d5 3. Nf3 Bg4 4. h3 Bxf3 5. Qxf3 e6 6. g3 Nd7 7. Bg2 Bc5 8. d3 Ne7 9. 0-0 0-0 10. Qe2 a5 11. a4 Kh8 12. Kh1 f5 13. f4 Qb6 14. Bd2 dxe4 15. dxe4 Nf6 16. b3 Bb4 17. e5 Nfd5 18. Nb1 Qd4 19. Ra2 Bxd2 20. Qxd2 Qxd2 21. Nxd2 Ne3 22. Re1 Rad8 23. Nf3 N7d5 24. c4 Nc3 25. Rb2 Nxg2 26. Kxg2 Ne4 27. b4 axb4 28. Rxb4 Nc5 29. Ra1 Rf7 30. a5 h6 31. Rb2 Rfd7 32. Rab1 Ra8 33. Ra1 Kg8 34. Rb6 Kf7 35. g4 g6 36. Kf2 Ke7 37. Ke2 Nd3 38. Ke3 Nc5 39. Ke2 Rf8 40. g5 Rh8 41. gxh6 Rxh6 42. h4 Rh8 43. Ra3 Kf8 44. Rb1 Kg7 45. Rg1 Kh6 46. a6 bxa6 47. Rd1 Rxd1 48. Kxd1 Kh5 49. Ke2 Rb8 50. Ng5 Rb4 0-1

[Event "HUN-ch 70th"]
[Site "Budapest"]
[Date "2022.12.09"]
[Round "5"]
[White "Grigoriants, Sergey"]
[Black "Berkes, Ferenc"]
[Result "1/2-1/2"]
[WhiteElo "2553"]
[BlackElo "2645"]
[PlyCount "51"]
[EventDate "2022.12.05"]
[EventType "tourn"]
[EventRounds "9"]
[EventCountry "HUN"]
[EventCategory "12"]
[SourceTitle "CBM 211 Extra"]
[Source "ChessBase"]
[SourceDate "2023.01.31"]
[SourceVersion "1"]
[SourceVersionDate "2023.01.31"]
[SourceQuality "1"]

1. d4 d5 2. c4 c6 3. Nf3 Nf6 4. Nc3 a6 5. e3 Bf5 6. Ne5 Nbd7 7. Qb3 Qc7 8. cxd5 Nxe5 9. dxe5 Nxd5 10. Nxd5 cxd5 11. Bd2 Qxe5 12. Rc1 Bd7 13. Bc3 Qc7 14. Qxd5 Bc6 15. Qg5 Qd6 16. Bc4 Qg6 17. Qxg6 hxg6 18. f3 e6 19. Kf2 Rc8 20. h3 Rh5 21. Bb3 Be7 22. Rhd1 Bh4+ 23. Kg1 Bf6 24. Kf2 Bh4+ 25. Kg1 Bf6 26. Kf2 1/2-1/2

[Event "HUN-ch 70th"]
[Site "Budapest"]
[Date "2022.12.07"]
[Round "3"]
[White "Papp, Gabor"]
[Black "Berkes, Ferenc"]
[Result "1/2-1/2"]
[WhiteElo "2557"]
[BlackElo "2645"]
[PlyCount "61"]
[EventDate "2022.12.05"]
[EventType "tourn"]
[EventRounds "9"]
[EventCountry "HUN"]
[EventCategory "12"]
[SourceTitle "CBM 211 Extra"]
[Source "ChessBase"]
[SourceDate "2023.01.31"]
[SourceVersion "1"]
[SourceVersionDate "2023.01.31"]
[SourceQuality "1"]

1. e4 e6 2. d4 d5 3. e5 c5 4. c3 Nc6 5. Nf3 Qb6 6. Bd3 Bd7 7. dxc5 Bxc5 8. 0-0 Nh6 9. b4 Be7 10. Na3 Nf5 11. Bxf5 exf5 12. Qxd5 Be6 13. Qd3 0-0 14. Be3 Qd8 15. Qe2 a5 16. Rfd1 Qb8 17. Nc4 axb4 18. cxb4 Bxc4 19. Qxc4 Nxe5 20. Nxe5 Qxe5 21. Rac1 b5 22. Qd5 Qxd5 23. Rxd5 Rxa2 24. Rxb5 Rb2 25. Rb7 f4 26. Rxe7 fxe3 27. Rxe3 Rxb4 28. g3 Rb7 29. Kg2 g6 30. h4 h5 31. Rec3 1/2-1/2